Ochrana topografií polovodičových výrobků /

Uložené v:
Podrobná bibliografia
Hlavný autor: Jenerál, Emil
Médium: Kniha
Jazyk:Czech
Vydané: Praha : Federální úřad pro vynálezy, 1992.
Vydanie:1. vyd.
Témy:
ISBN: 8085100312 (brož.)
Fyzický popis: 45 s. :.
Tagy: Pridať tag
Žiadne tagy, Buďte prvý kto otaguje tento záznam!

MARC

LEADER 00000nam a2200000 a 4500
001 000072007
003 SVKK
005 20110923111225.0
008 990714s1992 xr e 000 0 cze d
020 |a 8085100312 (brož.) 
040 |a SVKKK  |b slo  |c SVKKK  |e AACR2 
041 0 |a cze 
044 |a xr  |c CZ 
080 |a 347.77  |2 1997 
080 |a 347.77:621.382  |2 1997 
100 1 |a Jenerál, Emil 
245 1 0 |a Ochrana topografií polovodičových výrobků /  |c Emil Jenerál. 
250 |a 1. vyd. 
260 |a Praha :  |b Federální úřad pro vynálezy,  |c 1992. 
300 |a 45 s. :. 
653 0 |a vlastníctvo priemyselné  |2 SVKKKPH 
653 0 |a právo vlastnícke  |2 SVKKKPH 
653 0 |a elektronika  |2 SVKKKPH 
655 7 |a monografie  |2 SVKKKPH 
910 |a svkkk 
919 |a 80-85100-31-2 
974 |a MI  |d 19990714 
974 |a PA  |d 19990714 
974 |a PA  |d 20010430 
998 |a BK 
090 |g SCKHL  |k Sklad Pribinova 2. posch.  |a III.163745  |j 872658  |i 2720628399  |s Absenčne